01192nam a2200289 a 450000100100000000500170001000800410002704000250006808200180009310000400011124501170015126000340026830000280030250000630033050400730039350400410046665000520050765000210055965000370058070000340061770000350065170000350068670000390072104900090076095201160076999900170088500001657320200929164929.0100308s1981 dr a 000 0 spa d aDO-SdBNPbspacBNPHU a614.55bV182p1 aVallejo Saint-Amand, Elsa de93684710aParasitología 1 :bmanual de prácticas /cElsa Vallejo de Saint-Amand ; colaboradores Jacinto Matos [et.al]. aSanto Domingo :bUASD,c1981. a178 p. :bil. ;c21 cm. aIncluye datos biográficos del autor en la contracubierta aIncluye referencias bibliográficas y notas al pie de las páginas aIncluye bibliografías (p. 177-178) 4aParasitologíaxManuales de laboratorio936848 4aParasitos936849 4aEnfermedades parasitarias9368501 aMatos , Jacinto,ecol.9368511 aEspaillat, Jaime,ecol.9368521 aRonzino, María,ecol.9368531 aMañán, Surama de,ecol.936854 aBNPD 0010718PDaPDbPDcCTd2010-03-08iLF1l0o614.55 V182pp16573-10r2020-06-25w2020-06-25yLFPDZNo se presta c16106d16106